| 000 | 005220000a22001930004500 | ||
|---|---|---|---|
| 003 | LK-CoMWRAF | ||
| 005 | 20230924122005.0 | ||
| 008 | 230817t ||||| |||| 00| 0 eng d | ||
| 040 |
_aLK-CoMWRAF _dLK-CoMWRAF _eLK-CoMWRAF |
||
| 041 | _aeng | ||
| 082 |
_a297.293 _bDEE |
||
| 100 | _aDeedat, Ahmed | ||
| 245 | _aChrist in Islam | ||
| 260 |
_bDurban : _aIslamic Propagation Centre _c1991 |
||
| 300 | _a48 p. ; 18 cm. | ||
| 650 | _aJesus Christ -- Islamic interpretations | ||
| 650 | _aIslam -- Doctrines | ||
| 942 | _cBK | ||
| 999 |
_c1841 _d1841 |
||